Movies Quiz

Random Movies Quiz

Avengers Film Trivia Quiz Stats

 Plays Quiz not verified by Sporcle

Challenge
Share
Tweet
Embed
Score 0/10 Timer 10:00
0 Plays Today
Character Actor % Correct
Iron Man/Tony StarkRobert Downey Jr.
99.6%
ThorChris Hemsworth
97.7%
Captain America/Steve RogersChris Evans
94.2%
Hulk/Bruce BannerMark Ruffalo
91.5%
Director Nick FurySamuel L. Jackson
89.6%
Hawkeye/Clint BartonJeremy Renner
88.5%
LokiTom Hiddleston
86.9%
Black Widow/Natasha RomanoffScarlett Johansson
77.3%
Agent Maria HillCobie Smulders
58.8%
Agent Phil CoulsonClark Gregg
54.6%

You're not logged in!

Compare scores with friends on all Sporcle quizzes.
Join for Free
OR
Log In

You Might Also Like...

Show Comments

Extras

Created Nov 22, 2012ReportNominate
Tags:avengers, Movie Stars

Top Quizzes Today


Score Distribution

Your Account Isn't Verified!

In order to create a playlist on Sporcle, you need to verify the email address you used during registration. Go to your Sporcle Settings to finish the process.

Report this User

Report this user for behavior that violates our Community Guidelines.

Details: